[Event "BUL-chT2 (Women) 48th"]
[Site "Sunny Beach"]
[Date "2015.05.31"]
[Round "1.1"]
[White "Spasova, Tsvetelina"]
[Black "Parvanova, Desislava"]
[Result "0-1"]
[WhiteElo "1774"]
[BlackElo "1976"]
[PlyCount "84"]
[EventDate "2015.05.31"]
[EventType "team-tourn"]
[EventRounds "3"]
[EventCountry "BUL"]
[SourceTitle "CBM 166 Extra"]
[Source "ChessBase"]
[SourceDate "2015.06.18"]
[SourceVersion "1"]
[SourceVersionDate "2015.06.18"]
[SourceQuality "1"]
[WhiteTeam "Blagoevgrad Victory (W)"]
[BlackTeam "Sofia Slavia (W)"]
[WhiteTeamCountry "BUL"]
[BlackTeamCountry "BUL"]

1. e4 e5 2. Nf3 Nc6 3. Nc3 g6 4. d4 exd4 5. Nxd4 Bg7 6. Nde2 d6 7. h3 Nf6 8. g3 0-0 9. Bg2 Bd7 10. Be3 Re8 11. g4 Ne5 12. b3 Bc6 13. Ng3 Ned7 14. Bd4 d5 15. 0-0 Nxe4 16. Ngxe4 dxe4 17. Re1 Nf6 18. g5 Nh5 19. Bxg7 Qxd1 20. Raxd1 Kxg7 21. Bxe4 Bxe4 22. Nxe4 Nf4 23. Kh2 Re5 24. Kg3 Nh5+ 25. Kg4 Rae8 26. f3 Rf5 27. h4 Rf4+ 28. Kh3 Rxf3+ 29. Kg2 Rf4 30. Nc5 Rxe1 31. Rxe1 Rxh4 32. Nxb7 Rg4+ 33. Kf3 Rxg5 34. Re7 Rf5+ 35. Ke3 g5 36. Rxc7 g4 37. Nd6 Re5+ 38. Kf2 g3+ 39. Kf1 Kg6 40. Rxf7 Rd5 41. Rd7 Nf4 42. Ke1 g2 0-1

[Event "BUL-chT (Women) 46th"]
[Site "Sunny Beach"]
[Date "2013.09.22"]
[Round "4.2"]
[White "Voiska, Margarita"]
[Black "Parvanova, Desislava"]
[Result "1-0"]
[WhiteElo "2275"]
[BlackElo "1983"]
[PlyCount "67"]
[EventDate "2013.09.19"]
[EventType "team-tourn"]
[EventRounds "7"]
[EventCountry "BUL"]
[SourceTitle "CBM 156 Extra"]
[Source "ChessBase"]
[SourceDate "2013.10.22"]
[SourceVersion "1"]
[SourceVersionDate "2013.10.22"]
[SourceQuality "1"]
[WhiteTeam "Plovdiv Lokomotiv (W)"]
[BlackTeam "Sofia Ivis Plus (W)"]
[WhiteTeamCountry "BUL"]
[BlackTeamCountry "BUL"]

1. d4 c5 2. d5 g6 3. e4 Bg7 4. Nf3 d6 5. Be2 Nf6 6. Nc3 0-0 7. 0-0 a6 8. a4 Nbd7 9. Re1 Qc7 10. h3 b6 11. Bf4 Rb8 12. Bc4 Nh5 13. Bh2 Ne5 14. Nxe5 Bxe5 15. Qd3 Ra8 16. Bxe5 dxe5 17. Qe3 Nf4 18. h4 Kg7 19. g3 Nh5 20. Qd2 Qd7 21. Be2 Nf6 22. Qg5 Qd6 23. Qd2 Bb7 24. Rad1 Rad8 25. Qe3 h6 26. b3 Qd7 27. Bf1 Bc8 28. a5 Ng4 29. Qe2 bxa5 30. Bh3 f5 31. f3 h5 32. exf5 Qxf5 33. fxg4 hxg4 34. Bg2 1-0

[Event "BUL-chT-A (Women) 62nd"]
[Site "Sunny Beach"]
[Date "2012.09.25"]
[Round "7.4"]
[White "Kantardzhieva, Toni"]
[Black "Parvanova, Desislava"]
[Result "1-0"]
[WhiteElo "1915"]
[BlackElo "1996"]
[PlyCount "105"]
[EventDate "2012.09.19"]
[EventType "team-tourn"]
[EventRounds "7"]
[EventCountry "BUL"]
[SourceTitle "CBM 150 Extra"]
[Source "ChessBase"]
[SourceDate "2012.10.19"]
[SourceVersion "1"]
[SourceVersionDate "2012.10.19"]
[SourceQuality "1"]
[WhiteTeam "Blagoevgrad Victory (W)"]
[BlackTeam "Sofia Ivis Plus (W)"]
[WhiteTeamCountry "BUL"]
[BlackTeamCountry "BUL"]

1. d4 d6 2. Nf3 Nf6 3. e3 g6 4. Be2 Bg7 5. 0-0 0-0 6. b3 c6 7. Bb2 Qc7 8. Nbd2 Nbd7 9. a3 e5 10. dxe5 dxe5 11. c4 Re8 12. Qc2 Nc5 13. e4 Nh5 14. Rfd1 Nf4 15. Bf1 Bg4 16. h3 Bd7 17. b4 Nce6 18. c5 Rad8 19. Nc4 f6 20. Nd6 Re7 21. g3 Nh5 22. Bc4 Kh8 23. Rd2 Bh6 24. Rd3 Rf8 25. Rad1 Ng5 26. Nxg5 Bxg5 27. Kh2 Ng7 28. Rf1 Ne6 29. Bxe6 Bxe6 30. f4 exf4 31. gxf4 Bh6 32. Rg3 Rd7 33. Qd3 Qd8 34. Qf3 Bg7 35. Rfg1 Bg8 36. h4 Rxd6 37. cxd6 Qxd6 38. h5 Bf7 39. hxg6 hxg6 40. R1g2 Rd8 41. e5 fxe5 42. fxe5 Qe7 43. Rf2 Bd5 44. Qg4 Bf7 45. e6 Bxe6 46. Bxg7+ Kxg7 47. Qxg6+ Kh8 48. Qh6+ Qh7 49. Rg6 Rd2 50. Kg1 Rd1+ 51. Kg2 Bg8 52. Rxg8+ Kxg8 53. Rf8# 1-0

[Event "BUL-chT-A (Women) 43th"]
[Site "Albena"]
[Date "2010.06.02"]
[Round "7.3"]
[White "Nikolova, Adriana"]
[Black "Parvanova, Desislava"]
[Result "1-0"]
[WhiteElo "2318"]
[BlackElo "2002"]
[PlyCount "67"]
[EventDate "2010.05.27"]
[EventType "team-tourn"]
[EventRounds "7"]
[EventCountry "BUL"]
[SourceTitle "CBM 136 Extra"]
[Source "ChessBase"]
[SourceDate "2010.07.02"]
[SourceVersion "2"]
[SourceVersionDate "2010.07.15"]
[SourceQuality "1"]
[WhiteTeam "Plovdiv Lokomotiv 2000 (W)"]
[BlackTeam "Mihail Tal (W)"]
[WhiteTeamCountry "BUL"]
[BlackTeamCountry "BUL"]

1. e4 e5 2. Nf3 Nc6 3. Bb5 Nge7 4. 0-0 d6 5. c3 Ng6 6. d4 Bd7 7. Be3 Be7 8. Nbd2 0-0 9. Re1 h6 10. Nf1 Nxd4 11. cxd4 Bxb5 12. Ng3 Qc8 13. Nf5 Bf6 14. Rc1 Bd7 15. Nxd6 Qd8 16. Nxb7 Qb8 17. Nc5 Bg4 18. h3 Bxf3 19. Qxf3 Rd8 20. d5 Qxb2 21. Re2 Qb5 22. a4 Qb4 23. Bd2 Qb6 24. Nd3 Rab8 25. Rc6 Qd4 26. Ne1 Rb1 27. Bxh6 Qa1 28. Bd2 Nf4 29. Re3 Qxa4 30. Kh2 Qb5 31. g3 Ng6 32. Rd3 Rb8 33. Rxc7 a5 34. d6 1-0

[Event "BUL-chT-A (Women) 43th"]
[Site "Albena"]
[Date "2010.05.31"]
[Round "5.2"]
[White "Genova, Liubka"]
[Black "Parvanova, Desislava"]
[Result "1-0"]
[WhiteElo "2293"]
[BlackElo "2002"]
[PlyCount "91"]
[EventDate "2010.05.27"]
[EventType "team-tourn"]
[EventRounds "7"]
[EventCountry "BUL"]
[SourceTitle "CBM 136 Extra"]
[Source "ChessBase"]
[SourceDate "2010.07.02"]
[SourceVersion "2"]
[SourceVersionDate "2010.07.15"]
[SourceQuality "1"]
[WhiteTeam "Sofia Lokomotiv (W)"]
[BlackTeam "Mihail Tal (W)"]
[WhiteTeamCountry "BUL"]
[BlackTeamCountry "BUL"]

1. e4 e5 2. Nf3 Nc6 3. d4 exd4 4. Nxd4 Bc5 5. Nb3 Bb6 6. a4 a5 7. Nc3 Qf6 8. Qe2 Nge7 9. Nd5 Nxd5 10. exd5+ Ne7 11. h4 d6 12. Bg5 Qe5 13. Qxe5 dxe5 14. c4 f6 15. Bd2 Bf5 16. Rc1 0-0-0 17. Be2 Be4 18. Kf1 Kb8 19. Bxa5 Bxa5 20. Nxa5 c6 21. f3 Bg6 22. h5 Bf7 23. dxc6 b6 24. Nb3 Nxc6 25. h6 g6 26. Kf2 Kc7 27. Rc3 Ra8 28. Ra1 Rhd8 29. c5 Nd4 30. cxb6+ Kxb6 31. a5+ Kb7 32. Nc5+ Ka7 33. Ne4 Rab8 34. Rc7+ Rb7 35. Rac1 Nb3 36. Rxb7+ Kxb7 37. a6+ Kb6 38. Rd1 Rxd1 39. Bxd1 Nd4 40. Nxf6 Nf5 41. Be2 Nxh6 42. Nd7+ Ka7 43. Nxe5 Bd5 44. g4 Kb6 45. Nd7+ Ka7 46. Nf6 1-0

[Event "BUL-chT-A (Women) 43th"]
[Site "Albena"]
[Date "2010.05.30"]
[Round "4.4"]
[White "Parvanova, Desislava"]
[Black "Cmilyte, Viktorija"]
[Result "0-1"]
[WhiteElo "2002"]
[BlackElo "2514"]
[PlyCount "31"]
[EventDate "2010.05.27"]
[EventType "team-tourn"]
[EventRounds "7"]
[EventCountry "BUL"]
[SourceTitle "CBM 136 Extra"]
[Source "ChessBase"]
[SourceDate "2010.07.02"]
[SourceVersion "2"]
[SourceVersionDate "2010.07.15"]
[SourceQuality "1"]
[WhiteTeam "Mihail Tal (W)"]
[BlackTeam "Sofia CSKA (W)"]
[WhiteTeamCountry "BUL"]
[BlackTeamCountry "BUL"]

1. d4 f5 2. c4 Nf6 3. Nc3 d6 4. g3 g6 5. Bg2 Bg7 6. Nf3 0-0 7. 0-0 c6 8. Qc2 Na6 9. a3 Qe8 10. Re1 e5 11. dxe5 dxe5 12. e4 Nc5 13. Nd2 f4 14. b4 Ne6 15. c5 Nd4 16. Qd1 0-1

[Event "BUL-chT-A (Women) 43th"]
[Site "Albena"]
[Date "2010.05.27"]
[Round "1.2"]
[White "Parvanova, Desislava"]
[Black "Raeva, Elitsa"]
[Result "0-1"]
[WhiteElo "2002"]
[BlackElo "2231"]
[PlyCount "82"]
[EventDate "2010.05.27"]
[EventType "team-tourn"]
[EventRounds "7"]
[EventCountry "BUL"]
[SourceTitle "CBM 136 Extra"]
[Source "ChessBase"]
[SourceDate "2010.07.02"]
[SourceVersion "2"]
[SourceVersionDate "2010.07.15"]
[SourceQuality "1"]
[WhiteTeam "Mihail Tal (W)"]
[BlackTeam "Sofia Shah XXI (W)"]
[WhiteTeamCountry "BUL"]
[BlackTeamCountry "BUL"]

1. d4 Nf6 2. Nf3 g6 3. c4 Bg7 4. Nc3 c5 5. d5 d6 6. e4 0-0 7. Be2 Na6 8. 0-0 Nc7 9. Bg5 h6 10. Bh4 a6 11. a4 Rb8 12. Nd2 e5 13. Rb1 Qe8 14. b4 cxb4 15. Rxb4 Nd7 16. Bg4 f5 17. exf5 g5 18. Bg3 Nf6 19. Nde4 Nxg4 20. Qxg4 Bxf5 21. Qe2 Qg6 22. Rb6 Ne8 23. Rfb1 h5 24. f3 g4 25. Kh1 Rf7 26. Rxa6 Rc8 27. Rab6 Rcc7 28. Rd1 gxf3 29. gxf3 Bh3 30. c5 h4 31. Bxh4 Qh5 32. cxd6 Rcd7 33. Be7 Rxf3 34. Rg1 Qf5 35. Rbb1 Bg4 36. Rbf1 Rxf1 37. Rxf1 Qh5 38. Qf2 Bh6 39. Rg1 Kh8 40. Rg3 Bf4 41. Rd3 b6 0-1

[Event "BUL-chT2 (Women)"]
[Site "Sunny Beach"]
[Date "2009.06.10"]
[Round "3.1"]
[White "Parvanova, Desislava"]
[Black "Kantardzhieva, Toni"]
[Result "1/2-1/2"]
[WhiteElo "2009"]
[BlackElo "1908"]
[PlyCount "108"]
[EventDate "2009.06.08"]
[EventType "team-tourn"]
[EventRounds "6"]
[EventCountry "BUL"]
[SourceTitle "CBM 130 Extra"]
[Source "ChessBase"]
[SourceDate "2009.07.02"]
[SourceVersion "2"]
[SourceVersionDate "2009.07.15"]
[SourceQuality "1"]

1. d4 d5 2. Nf3 Nf6 3. c4 e6 4. Nc3 Be7 5. Bg5 0-0 6. e3 b6 7. cxd5 exd5 8. Bd3 Bb7 9. 0-0 Ne4 10. Bf4 Nd7 11. Rc1 c5 12. Qe2 Rc8 13. Rfd1 f5 14. Bb1 Ndf6 15. h3 Nxc3 16. Rxc3 Ne4 17. Rcc1 Bf6 18. Ne5 Qe7 19. Qd3 Bg5 20. a3 Bxf4 21. exf4 Qh4 22. Qe3 cxd4 23. Qxd4 Qxf4 24. Rxc8 Rxc8 25. Ba2 Rd8 26. Nd3 Qg5 27. Rc1 Nd2 28. Kh2 Nc4 29. Re1 h6 30. Nf4 Rc8 31. Nxd5 Bxd5 32. Qxd5+ Kh7 33. Bxc4 Qf4+ 34. Kg1 Rxc4 35. g3 Rd4 36. Qb7 Qg5 37. Qxa7 Rd6 38. Qf7 Rf6 39. Qd5 h5 40. Kg2 h4 41. Re8 hxg3 42. fxg3 Qc1 43. Re2 Qg5 44. h4 Qc1 45. Qf3 Qh6 46. Rf2 Qg6 47. Qf4 Qf7 48. Rd2 Qb7+ 49. Qf3 Qf7 50. Qd5 Qg6 51. Qf3 Qh6 52. Rd8 Qg6 53. Qa8 Qg4 54. Qf3 Qg6 1/2-1/2

[Event "BUL-ch (Women)"]
[Site "Pernik"]
[Date "1992.??.??"]
[Round "9"]
[White "Parvanova, Desislava"]
[Black "Bratimirova, Dimitrinka"]
[Result "1-0"]
[WhiteElo "2045"]
[BlackElo "2100"]
[PlyCount "33"]
[EventDate "1992.??.??"]
[EventType "swiss"]
[EventRounds "9"]
[EventCountry "BUL"]
[SourceTitle "EXT 1998"]
[Source "ChessBase"]
[SourceDate "1997.11.17"]
[SourceVersion "1"]
[SourceVersionDate "1997.11.17"]
[SourceQuality "1"]

1. d4 d5 2. c4 c6 3. Nc3 Nf6 4. Nf3 e6 5. Bg5 Nbd7 6. cxd5 exd5 7. e3 Bd6 8. Bd3 0-0 9. Qc2 h6 10. Bh4 Re8 11. 0-0 Qc7 12. e4 dxe4 13. Nxe4 Nxe4 14. Bxe4 Nb6 15. Rac1 Bg4 16. Ne5 c5 17. Nxg4 1-0

[Event "BUL-chT (Women)"]
[Site "Bankia"]
[Date "1992.??.??"]
[Round "?"]
[White "Parvanova, Desislava"]
[Black "Draganova, Petranka"]
[Result "1-0"]
[WhiteElo "2045"]
[BlackElo "2045"]
[PlyCount "49"]
[EventDate "1992.??.??"]
[EventType "team-swiss"]
[EventRounds "7"]
[EventCountry "BUL"]
[SourceTitle "EXT 1998"]
[Source "ChessBase"]
[SourceDate "1997.11.17"]
[SourceVersion "1"]
[SourceVersionDate "1997.11.17"]
[SourceQuality "1"]

1. d4 Nf6 2. c4 d6 3. Nc3 Nbd7 4. e4 g6 5. Nf3 e5 6. Be2 Bg7 7. Be3 h6 8. d5 0-0 9. Nd2 Nc5 10. b4 Ncd7 11. 0-0 Nh7 12. c5 f5 13. f3 f4 14. Bf2 Ndf6 15. cxd6 cxd6 16. Nc4 Ne8 17. Nb5 Ng5 18. Nxa7 Rf7 19. Nxc8 Rxc8 20. Bb6 Qe7 21. Rc1 h5 22. Na5 Rxc1 23. Qxc1 h4 24. Qc8 Bf8 25. Bd8 1-0

[Event "BUL-chT (Women)"]
[Site "Bankia"]
[Date "1992.??.??"]
[Round "?"]
[White "Parvanova, Desislava"]
[Black "Savova, Stefka"]
[Result "0-1"]
[WhiteElo "2045"]
[BlackElo "2140"]
[PlyCount "58"]
[EventDate "1992.??.??"]
[EventType "team-swiss"]
[EventRounds "7"]
[EventCountry "BUL"]
[SourceTitle "EXT 1998"]
[Source "ChessBase"]
[SourceDate "1997.11.17"]
[SourceVersion "1"]
[SourceVersionDate "1997.11.17"]
[SourceQuality "1"]

1. d4 Nf6 2. c4 g6 3. Nc3 d5 4. Nf3 Bg7 5. Bg5 Ne4 6. cxd5 Nxc3 7. bxc3 Qxd5 8. Bf4 Qa5 9. Qd2 c5 10. e3 Nc6 11. Rb1 a6 12. Bc4 0-0 13. 0-0 b5 14. Be2 Rd8 15. Qc2 Be6 16. a4 bxa4 17. Rb7 Rac8 18. dxc5 Bb3 19. Rxb3 axb3 20. Qxb3 Qxc5 21. Bc4 e6 22. Bxa6 Ra8 23. Be2 Qxc3 24. Qb7 Qb2 25. Bb5 Na5 26. Qb6 e5 27. Ng5 exf4 28. Qc7 Qxb5 29. Qxf7+ Kh8 0-1